000 00662nam a2200181Ia 4500
003 GCL
008 140319s9999 xx 000 0 ara d
040 _aGCL /
_cGCL
082 0 4 _a219
_bخ ل
100 1 _aخالد محمد خالد
245 1 0 _aلكى لا تحرثوا فى البحر (هدية من الاديب عبدالفتاح الجمل) /
_cخالد محمد خالد
300 _a228 ص
490 _aالهيئة العامة للاستعلامات
_v0
650 0 4 _aالاسلام والمجتمع
650 0 4 _aالاسلام والاصلاح الاجتماعى
650 0 4 _aالاسلام والاصلاح السياسى
942 _2ddc
_cBK
999 _c46966
_d46966